Bloody merit scholars / (Record no. 92674)

MARC details
000 -LEADER
fixed length control field 00504nam a22001817a 4500
005 - DATE AND TIME OF LATEST TRANSACTION
control field 20150410105931.0
010 ## - LCCN (DPL NO)
LC control number ENG-112461
020 ## - INTERNATIONAL STANDARD BOOK NUMBER
International Standard Book Number 9788128837043
Terms of availability 300.00
035 ## - SYSTEM CONTROL NUMBER
System control number EN-95993
037 ## - SOURCE OF ACQUISITION
Source of stock number/acquisition DBAD/PUB
082 ## - DEWEY DECIMAL CLASSIFICATION NUMBER
Classification number N
100 ## - MAIN ENTRY--PERSONAL NAME
Personal name Amitabh Kumar
245 ## - TITLE STATEMENT
Title Bloody merit scholars /
Statement of responsibility, etc by Amitabh Kumar
Remainder of title
260 ## - PUBLICATION, DISTRIBUTION, ETC. (IMPRINT)
Place of publication, distribution, etc New Delhi
Name of publisher, distributor, etc Diamond Pocket Books
Date of publication, distribution, etc 2011
270 ## - ADDRESS
Address X-30, Okhla Industrial Area, Phase-II,
City New Delhi
Postal code 110020
300 ## - PHYSICAL DESCRIPTION
Extent 192p.
Dimensions 22cm(Hb)
942 ## - ADDED ENTRY ELEMENTS (KOHA)
Source of classification or shelving scheme Dewey Decimal Classification
Item type English Books
Call number suffix AMI
Classification part N
Holdings
Withdrawn status Lost status Not for loan Collection code Home library Current library Date acquired Source of acquisition Cost, normal purchase price Full call number Barcode Copy number Cost, replacement price Koha item type
    Not For Loan Fiction D.B.Act.Division D.B.Act.Division 01/04/2015 DBAD/PUB 300.00 N AMI EN-95993 1 300.00 English Books

© Delhi Public Library
Hit Counter
free hit counter